Pokémon Category Elimination - Statistics

General Stats
  • This quiz has been taken 374 times
  • The average score is 14 of 20
Answer Stats
Category # Criteria Answer % Correct
Green 112 Flying Type Pokémon
99%
Green 27 That are Normal/Flying Type
97%
Green 15 With a Base Stat Total of 400 or less
93%
Blue 46 Pokémon that can Mega-Evolve
93%
Orange 66 Fairy Type Pokémon
91%
Blue 36 That is not a Gen 1 Pokémon
90%
Blue 25 That is Not aStarter, Legendary or Pseudo Legedary Pokémon
86%
Orange 47 That is dual-typed
86%
Orange 16 That had its' type changed to Fairy in Gen 6+
81%
Yellow 44 Pokémon with the ability Swift Swim
75%
Orange 3 That are considered "baby pokemon"
70%
Yellow 22 That are fully evolve or do not evolve
70%
Blue 4 Is Psychic Type
68%
Orange 1 Whose evolutions are Water type Azurill
61%
Yellow 7 That was created in Gen 5 or later
42%
Blue 1 Whose ability does Not change after Mega Evolving Medicham
42%
Green 2 Learns Swords Dance Via Level Up
40%
Green 1 That does not evolve in its debut generation Farfetch'd
38%
Yellow 2 And is Not a water type
19%
Yellow 1 And is from the Hisui region (Legends:Arceus) Overqwil
16%
No matching quizzes found
Score Distribution
Percent of People with Each Score
Percentile by Number Answered
Your Score History
You have not taken this quiz